Cap a un nou model de gestió : informe Final Pràctiques al municipi de Badia del Vallès / Carles Riera (coord.) ; equip d'investigació: Elena Alonso,... [et al.] informe Final Pràctiques al municipi de Badia del Vallès / Carles Riera (coord.) ; equip d'investigació:
Descripción Física:
90 p. : il., gràf., taules ; 30 cm
MARC
| LEADER | 00000nam a2200000Ia 4500 | ||
|---|---|---|---|
| 001 | 20624 | ||
| 008 | 160829s2002] xx 000 0 cat d | ||
| 080 | |a M-6-72 | ||
| 245 | |a Cap a un nou model de gestió : |b informe Final Pràctiques al municipi de Badia del Vallès / Carles Riera (coord.) ; equip d'investigació: |b Elena Alonso,... [et al.] | ||
| 260 | |a Barcelona : |b [Universitat Autònoma de Barcelona, |c 2002] | ||
| 300 | |a 90 p. : |b il., gràf., taules ; |c 30 cm | ||
| 590 | |a Prové de G-226. | ||
| 590 | |a Dins el Postgrau de Participació i Desenvolupament Sostenible, curs 2001-2002 | ||
| 650 | |a Associacions, institucions, etc. |x Badia del Vallès |x Direcció i administració |9 47638 | ||
| 700 | |a Riera, Carles, coord. |9 47639 | ||
| 700 | |a Alonso, Elena |9 47640 | ||
| 901 | |a Arxiu | ||
| 942 | |n 1 | ||
| 952 | |0 0 |1 0 |4 0 |6 M672 |7 1 |9 54013 |a Arxiu |b Arxiu |d 2016-12-01 |l 0 |o M-6-72 |p 20624 |r 2016-12-01 00:00:00 |w 2016-12-01 |y ARXIU | ||
| 999 | |c 57881 |d 57881 | ||